000 00468nam a2200181Ia 4500
008 240925s9999 xx 000 0 und d
020 _a23544813
082 _a540 HIL
100 _aHill ,John W.
245 0 _aGeneral Chemistry
250 _aNA
260 _aNew Jersey:
_bPrintice- Hall Int.
_c,1996.
300 _axviii,1139p.
_bNA
_fPirated
500 _aNA
600 _aHumanities & Natural Science
650 _aChemistry and allied sciences
942 _cBK
999 _c6452
_d6452